WHO pushes use of generics/ (Record no. 361986)
[ view plain ]
| 000 -LEADER | |
|---|---|
| fixed length control field | 00409nam a2200157Ia 4500 |
| 008 - FIXED-LENGTH DATA ELEMENTS--GENERAL INFORMATION | |
| fixed length control field | 190717s9999 xx 000 0 und d |
| 100 ## - MAIN ENTRY--PERSONAL NAME | |
| Personal name | Gonzales, Catherine Mae V. |
| 245 ## - TITLE STATEMENT | |
| Title | WHO pushes use of generics/ |
| 245 ## - TITLE STATEMENT | |
| Statement of responsibility, etc | Catherine Mae V. Gonzales |
| 260 ## - PUBLICATION, DISTRIBUTION, ETC. (IMPRINT) | |
| Name of publisher, distributor, etc | Manila Standard |
| 260 ## - PUBLICATION, DISTRIBUTION, ETC. (IMPRINT) | |
| Date of publication, distribution, etc | 2016 |
| 300 ## - PHYSICAL DESCRIPTION | |
| Extent | September 14 |
| 440 ## - SERIES STATEMENT/ADDED ENTRY--TITLE | |
| Title | Manila Standard |
| 650 ## - SUBJECT ADDED ENTRY--TOPICAL TERM | |
| Topical term or geographic name as entry element | generic drugs |
| 650 ## - SUBJECT ADDED ENTRY--TOPICAL TERM | |
| Topical term or geographic name as entry element | Medicine |
| Withdrawn status | Lost status | Damaged status | Home library | Current library | Date acquired | Total Checkouts | Date last seen | Price effective from | Koha item type |
|---|---|---|---|---|---|---|---|---|---|
| Luxembourg Library | Luxembourg Library | 07/17/2019 | 07/17/2019 | 07/17/2019 | Periodicals |